ბათუმის შოთა რუსთაველის სახელმწიფო უნივერსიტეტის ბიბლიოთეკა

ანტიკური ფილოსოფია / (ბიბ.ჩანაწერი № 52964)

000 -ლიდერი
ფიქსირებული სიგრძის საკონტროლო ველი 01277nam a2200289Ia 4500
001 - საკონტროლო ნომერი
საკონტროლო ველი 19995
003 - საკონტროლო ნომრის იდენტიფიკატორი
საკონტროლო ველი GE_BSU
005 - ბოლო ოპერაციის თარიღი და დრო
საკონტროლო ველი 20221011115952.0
008 - ფიქსირებული სიგრძის მონაცემთა ელემენტები - ზოგადი ინფორმაცია
ფიქსირებული სიგრძის საკონტროლო ველი 181216s2015||||ge |||||||||||||| ||geo||
020 ## - წიგნის საერთაშორისო სტანდარტული ნომერი
International Standard Book Number 9789941077579
040 ## - კატალოგიზაციის წყარო
Transcribing agency GE_BSU
041 ## - ენის კოდი
Language code of text/sound track or separate title geo
080 ## - უნივერსალური ათობითი კლასიფიკაციის ინდექსი
Universal Decimal Classification number 1(37/38) თ-41
100 ## - მთავარი ჩანაწერი - პიროვნების სახელი
Personal name თევზაძე, გურამ
9 (RLIN) 15233
245 ## - ცნობა სათაურის შესახებ
Title ანტიკური ფილოსოფია /
Statement of responsibility, etc გურამ თევზაძე ; რედაქტორი ლელა ალექსიძე ; მხატვარი ოთარ მეგრელიძე.
250 ## - გამოცემის ცნობა
Edition statement მეორე შესწორებული გამოცემა
264 ## - წარმოების, გამოცემის, დისტრიბუციის და სხვა ცნობები
გამოცემის, წარმოების, დისტრიბუციის... ადგილი თბილისი :
გამოცემის, წარმოების, დისტრიბუციის... სახელწოდება Carpe diem,
გამოცემის, წარმოების, დისტრიბუციის... თარიღი 2015.
300 ## - ფიზიკური აღწერა
Extent 205 გვ. ;
Other physical details 20 სმ.
504 ## - BIBLIOGRAPHY, ETC. NOTE
Bibliography, etc ბიბლ.გვ. 200-204
653 ## - INDEX TERM--UNCONTROLLED
Uncontrolled term ანტიკური ფილოსოფია
653 ## - INDEX TERM--UNCONTROLLED
Uncontrolled term ძველი ბერძნული ფილოსოფია
653 ## - INDEX TERM--UNCONTROLLED
Uncontrolled term რომაული ფილოსოფია
700 ## - ADDED ENTRY--PERSONAL NAME
Personal name ალექსიძე, ლელა
Relator term რედაქტორი
9 (RLIN) 12513
700 ## - ADDED ENTRY--PERSONAL NAME
Personal name მეგრელიძე, ოთარ
Relator term მხატვარი
9 (RLIN) 13956
942 ## - ADDED ENTRY ELEMENTS (KOHA)
Koha item type წიგნი
Source of classification or shelving scheme
ეგზემპლარები
ჩამოწერის სტატუსი დაკარგული ეგზემპლარის სტატუსი კლასიფიკაციის წყარო ან თაროზე გაწყობის სქემა დაზიანების სტატუსი არ გაიცემა მუდმივი მდებარეობა (დაცვის ადგილი) ამჟამინდელი ადგილსამყოფელი თაროზე განთავსების ადგილი შეძენის თარიღი ღირებულება, შესყიდვის ნორმალური ფასი სრული შენახვის შიფრი შტრიხკოდი ბოლო ოპერაციის თარიღი ეგზემპლარის მიმდევრობითი ნომერი (კეტერი?) ფასის ძალაში შესვლის თარიღი ეგზემპლარის სახეობა საჯარო შენიშვნა
          ბათუმის შოთა რუსთაველის სახელმწიფო უნივერსიტეტის მთავარი ბიბლიოთეკა ბათუმის შოთა რუსთაველის სახელმწიფო უნივერსიტეტის მთავარი ბიბლიოთეკა წიგნსაცავი 2018-12-17 11.00 1(37/38) თ-41 27808 2018-12-17 27808 2018-12-17 წიგნი 11 ლ.